Probability and statistics with reliability queueing and computer science (Record no. 110)

MARC details
000 -LEADER
fixed length control field 00600 a2200193 4500
001 - CONTROL NUMBER
control field 065738
003 - CONTROL NUMBER IDENTIFIER
control field OSt
005 - DATE AND TIME OF LATEST TRANSACTION
control field 20210903125517.0
008 - FIXED-LENGTH DATA ELEMENTS--GENERAL INFORMATION
fixed length control field
020 ## - INTERNATIONAL STANDARD BOOK NUMBER
International Standard Book Number 9788126518531
082 ## - DEWEY DECIMAL CLASSIFICATION NUMBER
Classification number 519.2
Item number T73P
100 1# - MAIN ENTRY--PERSONAL NAME
Personal name Trivedi, Kishore S.
245 1# - TITLE STATEMENT
Title Probability and statistics with reliability queueing and computer science
Statement of responsibility, etc by Kishore S. Trivedi
250 ## - EDITION STATEMENT
Edition statement 2nd ed.
260 ## - PUBLICATION, DISTRIBUTION, ETC. (IMPRINT)
Place of publication, distribution, etc New Delhi
Name of publisher, distributor, etc Wiley India
Date of publication, distribution, etc 2008
300 ## - PHYSICAL DESCRIPTION
Extent 830p.
690 ## - LOCAL SUBJECT ADDED ENTRY--TOPICAL TERM (OCLC, RLIN)
Topical term or geographic name as entry element Probabilities--Data processing; Mathematical statistics--Data processing; Computer algorithms
942 ## - ADDED ENTRY ELEMENTS (KOHA)
Source of classification or shelving scheme Dewey Decimal Classification
Koha item type Books
Holdings
Withdrawn status Lost status Source of classification or shelving scheme Damaged status Not for loan Collection code Home library Current library Department Date acquired Source of acquisition Cost, normal purchase price Inventory number(Invoice/Date) Total Checkouts Full call number Barcode Date last seen Date checked out Price effective from Koha item type
    Dewey Decimal Classification     General Text Book Central University Of Rajasthan Central University Of Rajasthan Statistics 07/03/2012 STT 469.00 13164/4.9.2009 1 519.2 T73P 26 25/03/2026 26/12/2022 02/09/2020 Books
    Dewey Decimal Classification     General Text Book Central University Of Rajasthan Central University Of Rajasthan Statistics 07/03/2012 STT 469.00     519.2 T73P 24 21/11/2024   02/09/2020 Books
    Dewey Decimal Classification     General Text Book Central University Of Rajasthan Central University Of Rajasthan Statistics 07/03/2012 STT 469.00   1 519.2 T73P 25 21/11/2024 18/11/2024 02/09/2020 Books